000 00485nam a2200181Ia 4500
005 20250326125825.0
008 250326s9999 xx 000 0 und d
037 _aTextbook
040 _aFMSL
_beng
_cFMSL
041 _aeng
_2eng
084 _aS N7
_qFMSL
100 _aBerkowltz L
_9739763
245 0 _aAdvances in experimental social psychology
_cBerkowltz L
260 _aNY
_bNY, Academic
_c1967
300 _a348p
942 _cTB
_hS N7
999 _c1279745
_d1279745